| 000 | 00462cam a2200193ua 4500 | ||
|---|---|---|---|
| 020 | _c60.00 | ||
| 041 |
_aeng _h |
||
| 082 |
_a604.2 _bBHA/EL |
||
| 100 | _aBhatt, N D. | ||
| 245 |
_aElementary engineering drawing / _cN D Bhatt. _hTextual Documents |
||
| 250 |
_a32 / _b. |
||
| 260 |
_aAnand : _bCharotar publishing house , _c1992. |
||
| 300 | _a600 ; . | ||
| 365 | _a60.00 | ||
| 500 | _a*CSS | ||
| 504 | _a | ||
| 942 | _cBK | ||
| 999 |
_c10949 _d10949 |
||